| 000 | 00483cam a22001337a 4500 | ||
|---|---|---|---|
| 008 | 180718b1991 xxu||||| |||| 00| 0 eng d | ||
| 082 | _aAPPPA 90-91 NEO | ||
| 100 | _aNeogi, Tapati | ||
| 245 |
_aEvaluation of vigilance machinery of government with special reference administrative reforms _cby Tapati Neogi |
||
| 260 |
_aNew Delhi _bIndian Institute of Public Administration _c1991 |
||
| 300 | _a74p. | ||
| 650 | _aAdministrative reforms | ||
| 650 | _aVigilance machinery of government | ||
| 999 |
_c501549 _d501549 |
||